Конструкторы; Томский политехник; Вып. 10

Bibliografiska uppgifter
Parent link:Томский политехник: ежегодный журнал/ Томский политехнический университет (ТПУ), Ассоциация выпускников.— , 1995-
Вып. 10.— 2004.— [С. 36-37]
Huvudupphovsman: Шелестюк В. Г.
Övriga upphovsmän: Бородин В. Д.
Sammanfattning:Аннотация на англ. яз.
Заглавие с титульного листа
Электронная версия печатной публикации
Språk:ryska
Publicerad: 2004
Serie:ТПУ: экономика и социальное развитие региона
Ämnen:
Länkar:Цветная версия без потери качества
Materialtyp: Elektronisk Bokavsnitt
KOHA link:https://koha.lib.tpu.ru/cgi-bin/koha/opac-detail.pl?biblionumber=198690

MARC

LEADER 00000nla2a2200000 4500
001 198690
005 20231031184052.0
035 |a (RuTPU)RU\TPU\book\216702 
035 |a RU\TPU\book\216701 
090 |a 198690 
100 |a 20110706d2004 km y0rusy50 ca 
101 0 |a rus  |d eng 
102 |a RU 
135 |a drnn ---uucaa 
181 0 |a i  
182 0 |a b 
200 1 |a Конструкторы  |b Электронный ресурс  |f В. Г. Шелестюк, В. Д. Бородин 
203 |a Текст  |c электронный 
215 |a 1 файл (35.7 Мб) 
225 1 |a ТПУ: экономика и социальное развитие региона 
230 |a Электронные текстовые данные (1 файл : 35.7 Мб) 
300 |a Аннотация на англ. яз. 
300 |a Заглавие с титульного листа 
300 |a Электронная версия печатной публикации 
337 |a Adobe Reader 
461 1 |0 (RuTPU)RU\TPU\book\202435  |t Томский политехник  |o ежегодный журнал  |f Томский политехнический университет (ТПУ), Ассоциация выпускников  |d 1995- 
463 1 |0 (RuTPU)RU\TPU\book\216680  |t Вып. 10  |v [С. 36-37]  |d 2004  |p 199 с. 
610 1 |a выпускники ТПУ 
610 1 |a инженеры 
610 1 |a конструкторы 
610 1 |a открытые акционерные общества 
610 1 |a Сибэлектромотор 
610 1 |a заводы 
610 1 |a электромашиностроение 
610 1 |a история 
610 1 |a Сибирь 
610 1 |a Томск 
610 1 |a электронный ресурс 
700 1 |a Шелестюк  |b В. Г. 
701 1 |a Бородин  |b В. Д. 
801 1 |a RU  |b 63413507  |c 20101101 
801 2 |a RU  |b 63413507  |c 20111109  |g RCR 
856 4 |u http://www.lib.tpu.ru/fulltext/v/Tomsk_polytechnic/2004/N10a11.pdf  |z Цветная версия без потери качества 
942 |c CF